| 000 | 00804nam a2200217Ia 4500 | ||
|---|---|---|---|
| 005 | 20250508165421.0 | ||
| 008 | 008 250505s9999 xx 000 0 eng d | ||
| 020 | _a978-93-82616-26-9 | ||
| 037 | _aTextBook | ||
| 040 |
_aFEDL _beng _cFEDL |
||
| 041 |
_aeng _2eng |
||
| 084 |
_a306.430 954, THA/R _qFEDL |
||
| 100 | _aThapan Meenakshi Ed. | ||
| 245 | 0 | _aEthnographies of schooling in contemporary India | |
| 260 |
_aNew Delhi, India _bSage Publications India Pvt. Ltd _c2014 |
||
| 300 | _ax, 368p. | ||
| 365 | _aPrice varies | ||
| 546 | _aGifted by Latika Gupta; Acc. No. 91797 is gifted by HOD Namita Ranganathan in memory of Prof. Arvind Gaysu and acc. no. 93794 is photocopy gifted by Prof. Salaja Chennat | ||
| 942 |
_cTB _h306.430 954, THA/R |
||
| 999 |
_c1394997 _d1394997 |
||